| 000 | 00376nam a22001577a 4500 | ||
|---|---|---|---|
| 999 |
_c4350 _d4350 |
||
| 003 | OSt | ||
| 005 | 20181204193505.0 | ||
| 008 | 181204b ||||| |||| 00| 0 eng d | ||
| 040 | _cDLC | ||
| 082 |
_a782.25 _bD184S |
||
| 245 |
_aSongs of Inspiration : _cJohn Daniel. |
||
| 260 |
_aBelcourt Ave, _bNashville . _cc1949. |
||
| 300 | _a251 p.: | ||
| 650 | _aSongs | ||
| 942 |
_2ddc _cBK |
||